Constitucin̤, principios y derechos

Detalles Bibliográficos
Autor principal: Garzn̤ Correa, Camilo Andrš
Formato: eBook
Lenguaje:español
Publicado: Medelln̕: Universidad Cooperativa de Colombia, 2020
Materias:
Acceso en línea:Acceso restringido

MARC

LEADER 00000nam a22000007a 4500
005 20220706215523.0
007 cr|||| ||||
008 220706s2020 co |||||s|||| 00||0 spa d
020 |a 9789587602814 
035 |a 36657 
040 |a vLex 
090 |c 13529  |d 13529 
100 1 |a Garzn̤ Correa, Camilo Andrš 
245 1 0 |a Constitucin̤, principios y derechos  |h [Recurso electrn̤ico] /  |c Camilo Andrš Garzn̤ Correa 
256 |a Servicio en ln̕ea 
260 |a Medelln̕:  |b Universidad Cooperativa de Colombia,  |c 2020 
300 |a 1 recurso electrn̤ico 
500 |a El contenido de la Constitucin̤ Polt̕ica de Colombia de 1991 ha sido extensamente estudiado en la dogmt̀ica constitucional colombiana. En este libro, analizamos varios problemas que versan sobre el significado de la constitucin̤ y el alcance que tienen algunos de sus principios y derechos fundamentales. El texto est ̀estructurado en tres apartados. En la primera parte, analizamos cuestiones relacionadas con el significado de la Constitucin̤. Consideramos el problema de los desacuerdos que origina la interpretacin̤ de disposiciones constitucionales sobre derechos de parejas del mismo sexo en la jurisprudencia del Tribunal Constitucional espaǫl y de la Corte Constitucional colombiana. Adems̀, abordamos las dificultades que genera la identificacin̤ de elementos esenciales de la constitucin̤ vigente a travš del test de sustitucin̤ creado por la Corte Constitucional. En la segunda parte, nos ocupamos de los principios de colaboracin̤ armn̤ica y el debido proceso. La colaboracin̤ armn̤ica es estudiada desde las concepciones cls̀icas del pensamiento jurd̕ico y el debido proceso a partir de la incidencia que tuvo el neoconstitucionalismo sobre conceptos bs̀icos de la dogmt̀ica procesal. En la tercera parte, proponemos un anl̀isis sobre los derechos de las vc̕timas y el consentimiento informado en el m̀bito mďico. Proponemos una reflexin̤ acerca de los derechos a la reparacin̤, a la participacin̤ polt̕ica y a la memoria de las vc̕timas del conflicto armado en una democracia. Finalmente, examinamos la naturaleza del consentimiento informado y su relacin̤ con los derechos fundamentales. En cada capt̕ulo planteamos propuestas de anl̀isis sobre el alcance que tienen los desacuerdos interpretativos, los elementos definitorios, los principios y los derechos en la constitucin̤ vigente. 
506 1 |a Disponible solo en los productos indicados  |d vLex Global  |d vLex Global (Academic Edition, excluding Law Schools)  |d vLex Global (U.S. Academic Edition, Law Schools)  |d vLex Global (U.S. Academic Edition, excluding Law Schools)  |d vLex Global (Academic Edition, Law Schools) 
650 0 4 |a Derecho Constitucional  |z Colombia 
740 0 |a vLex Libros (Servicio en ln̕ea) 
856 4 0 |u https://app.vlex.com/#/sources/36657  |z Acceso restringido 
942 |c BOOK 
999 0 |a Constitutional right